| 000 | 02059nam a2200289Ia 4500 | ||
|---|---|---|---|
| 999 |
_c50900 _d50900 |
||
| 001 | 17855 | ||
| 003 | GE_BSU | ||
| 005 | 20250218171116.0 | ||
| 008 | 181216s||||||||xx |||||||||||||| ||und|| | ||
| 020 | _a9789941241154 | ||
| 040 | _cGE_BSU | ||
| 080 | _a27-36 | ||
| 245 |
_aღირსი ნიკოლოზ მირონმდინარე, მამა ხარლამპე დიონისელი, მამა ეფრემ კატუნაკელი / _c შემდგენელი კახაბერ კენკიშვილი ; გარეკანის დიზაინი რატი თორდია. |
||
| 264 |
_aთბილისი : _bპალიტრა L, _c2015. |
||
| 300 |
_a240 გვ. ; _c20 სმ. |
||
| 490 |
_aსაქართველოს იმედი II : ყველა წმინდანი, რომელთა შესახებაც უნდა იცოდე, 2298-0547 / პროექტის რედაქტორი თამარ მამაცაშვილი ; _vწიგნი 36. |
||
| 500 | _aიბეჭდება სრ. საქართველოს კათოლიკოს-პატრიარქის, უწმინდესისა და უნეტარესის ილია II-ის ლოცვა-კურთხევით | ||
| 541 | _h2 ლ. | ||
| 653 | _aრელიგია | ||
| 653 | _aღირსი ნიკოლოზ მირონმდინარე | ||
| 653 | _aმამა ხარლამპე დიონისელი | ||
| 653 | _a მამა ეფრემ კატუნაკელი | ||
| 700 |
_aკენკიშვილი, კახაბერ _eშემდგენელი _924392 |
||
| 700 |
_aმამაცაშვილი, თამარ _eპროექტის რედაქტორი _924393 |
||
| 700 |
_aთორდია, რატი _eგარეკანის დიზაინერი _917902 |
||
| 942 |
_cBK _2udc |
||